000 00540nam a2200217Ia 4500
999 _c13689
_d13689
003 0100
005 20170601090543.0
008 130303s9999 xx 000 0 und d
020 _a435080660
040 _cARRUPELIB
050 _aDT2913.S55S36 1992
100 _aSchmidt, Elizabeth
_931804
245 _aPeasants, traders, and wives
245 _bShona women in the history of Zimbabwe, 1870-1939
260 _bHeinemann
_aPortsmouth, N.H
_c1992
300 _axiii
300 _b 289p. 23cm
650 _aPatriarchy
_xZimbabwe
_xHistory Shona (African people)
_931805
650 _aForeign relations Zimbabwe
_xPolitics and government
_931806
650 _aShona (African people)
_xPolitics and government Zimbabwe
_931807
650 _aGovernment relations
_931808
700 _aElizabeth Schmidt
_931809
942 0 0 _04
_2lcc
_cMONOGRAPH